00574 a2200121 4500001001000000005001700010008004100027245016200068100002700230700002600257773015200283999001700435ART_4085620260410161935.0260409a 10aAccountability hoy. Legitimación a través de la transparencia en la gestión y la participación ciudadana como control a la administración pública1 aMontiano, Marcelo Omar1 aScaglione, Juan Pablo0 tBoletin del Consejo Profesional de Ciencias Económicas de la Provincia de Santa Fe (camara segunda)g- Año XXVII, Nº 329 (dic. 2016)wREV25058 c28924d28924